| 000 | 00625cam a22001932a 4500 | ||
|---|---|---|---|
| 001 | 009678 | ||
| 003 | AR-FADEU | ||
| 008 | 311216n1988####xxu####################dd | ||
| 092 |
_a421.507 6 _bB799i |
||
| 100 | _aBradford, Barbara | ||
| 245 | _aIntonation in context : intonation practice for upper-intermediate and advanced learners of English | ||
| 260 | _aCambridge | ||
| 260 | _bCambridge University | ||
| 260 | _c1988 | ||
| 300 | _a62 p | ||
| 500 | _aStudent's book. Además, la Biblioteca posee el cassette de audio. | ||
| 650 | _a/LINGUISTICA/INGLES-FONETICA Y FONOLOGIA; ENTONACION/REVISADO/ | ||
| 942 | _cBDGR | ||
| 999 |
_c15474 _d15474 |
||